000 00969cam a22002532 4500
001 0000021444
005 20151217161202.0
008 120516s xx 000 0 eng d
020 _a0421673601 :
040 _aKABU
_cKABU
100 1 _aBaker, Philip.
_@0000158124
245 1 0 _aDouble taxation conventions :
_ba manual on OECD model tax convention on income and on capital /
_cPhilip Baker.
250 _a1st ed.
260 _aLondon :
_bSweet & Maxwell,
_c2011.
300 _a1 v. (various pagings) ;
650 0 _aDouble taxation.
_@0000182306
852 1 _9p49431 KES
852 1 _9p49431 KES
852 1 _9p49431 KES
852 1 _9p49431 KES
852 1 _9p49431 KES
908 _a120516
950 _@1
999 _c15269
_d15269